| 000 | 00928nam a2200289 i 4500 | ||
|---|---|---|---|
| 003 | DO-SdBNP | ||
| 005 | 20260527135015.0 | ||
| 007 | ta | ||
| 008 | 250512b2024 dr ||||| |||| 00| 0 spa d | ||
| 020 | _a9789945800838 | ||
| 040 |
_aDO-SdBNP _bspa _cBNPHU _erda |
||
| 041 | _aspa | ||
| 082 | 4 |
_aRD861.44 _bP438b _222 |
|
| 100 | 1 |
_aPérez, Ramón, _eautor _4aut. _981844 |
|
| 245 | 1 | 3 |
_aEl breve instante en que la luna cae al mar : _bpoesía / _cRamón Pérez |
| 264 | 1 |
_aSanto Domingo : _bTiempos de Nosotros Editores, _c2024. |
|
| 300 |
_a79 páginas : _c23 cm. |
||
| 336 |
_atexto _btxt _2rdacontent |
||
| 337 |
_asin mediación _bn _2rdamedia |
||
| 338 |
_avolumen _bnc _2rdacarrier |
||
| 500 | _aIncluye datos biográficos del autor en la solapa de la cubierta | ||
| 590 | _aInventariado, 2025/BT | ||
| 650 | 7 |
_aPoesía dominicana _2LEMB |
|
| 650 | 7 |
_aLiteratura dominicana _2LEMB |
|
| 910 | _aBtavárez | ||
| 942 |
_2ddc _cLBS1 |
||
| 999 |
_c58391 _d58391 |
||